| 000 | 00663nam a22002057a 4500 | ||
|---|---|---|---|
| 003 | koha_MIRAKIL | ||
| 005 | 20260416102302.0 | ||
| 008 | 260416b tur||||| |||| 00| 0 tur d | ||
| 020 | _a9789750727764 | ||
| 040 |
_aTR-IsEVY _btur _cTR-IsEVY |
||
| 082 | _a398.2 BEH/D | ||
| 100 | _aBehramoğlu, Ataol | ||
| 245 | 0 |
_aDünya halk masalları / _cAtaol Behramoğlu ; resimleyen Mustafa Delioğlu. |
|
| 260 |
_aİstanbul : _bCan Sanat Yayınları, _c2015. |
||
| 300 |
_a108 s. : _brenkli resimli ; _c19 cm. |
||
| 490 | 0 | _aDestanlar ve Masallar. | |
| 650 |
_aHalk Bilimi. _vDünya Halk Masalları. |
||
| 700 | 1 |
_aDelioğlu, Mustafa. _cresimleyen. |
|
| 942 |
_2ddc _cBK |
||
| 999 |
_c23499 _d23499 |
||